Rozpoznaj polskie miasta po zdjęciu - Statystyki

Ogólne statystyki
  • Ten quiz został rozwiązany 64 razy
  • Średni wynik to 25 z 100
Statystyki odpowiedzi
Obrazkowy Odpowiedź % Poprawnych
Gdańsk
86%
Kraków
82%
Oświęcim
73%
Warszawa
73%
Zakopane
69%
Malbork
63%
Świebodzin
63%
Zamość
63%
Rzeszów
59%
Częstochowa
57%
Gdynia
57%
Sopot
57%
Katowice
55%
Bydgoszcz
51%
Toruń
51%
Kwidzyn
49%
Sandomierz
49%
Białystok
47%
Poznań
47%
Wałbrzych
47%
Frombork
43%
Karpacz
43%
Łódź
43%
Świnoujście
41%
Cieszyn
39%
Szczecin
39%
Łańcut
35%
Ogrodzieniec
35%
Wrocław
35%
Kruszwica
33%
Kołobrzeg
31%
Grudziądz
27%
Hel
27%
Kazimierz Dolny
27%
Lidzbark Warmiński
27%
Nysa
27%
Wadowice
27%
Kielce
24%
Będzin
22%
Chełmno
22%
Ciechanów
22%
Elbląg
22%
Gniezno
22%
Inowrocław
22%
Kłodzko
22%
Olsztyn
22%
Supraśl
22%
Pszczyna
20%
Bielsko-Biała
18%
Golub-Dobrzyń
18%
Kalisz
18%
Lądek-Zdrój
18%
Nałęczów
18%
Włocławek
18%
Chełm
16%
Jelenia Góra
16%
Nowy Dwór Mazowiecki
16%
Opole
16%
Reszel
16%
Świecie
14%
Leżajsk
12%
Lublin
12%
Płock
12%
Siedlce
12%
Żyrardów
12%
Bolesławiec
10%
Gliwice
10%
Krynica-Zdrój
10%
Legnica
10%
Przemyśl
10%
Słupsk
10%
Ząbkowice Śląskie
10%
Bytom
8%
Darłowo
8%
Ostróda
8%
Tarnów
8%
Zielona Góra
8%
Gorzów Wielkopolski
6%
Otwock
6%
Stargard
6%
Świdnica
6%
Ełk
4%
Głubczyce
4%
Nowy Sącz
4%
Prudnik
4%
Radzyń Podlaski
4%
Kluczbork
2%
Sosnowiec
2%
Wieliczka
2%
Drawsko Pomorskie
0%
Międzychód
0%
Piła
0%
Radomsko
0%
Sieradz
0%
Słubice
0%
Września
0%
Żagań
0%
Żary
0%
Złotów
0%
Żywiec
0%
Nie znaleziono quizów pasujących do podanych kryteriów
Rozkład punktacji
Procent ludzi z każdym wynikiem
Percentyl według liczby udzielonych odpowiedzi
Twoja historia wyników
Nie rozwiązałeś tego quizu